[Event "Luxembourg-chT 1213"]
[Site "Luxembourg"]
[Date "2012.11.10"]
[Round "2"]
[White "Guidoreni, Jean"]
[Black "Lentzen, Alain"]
[Result "1/2-1/2"]
[WhiteElo "1775"]
[BlackElo "1930"]
[PlyCount "66"]
[EventDate "2012.10.??"]
[EventType "team-tourn"]
[EventRounds "10"]
[EventCountry "LUX"]
[SourceTitle "EXT 2017"]
[Source "ChessBase"]
[SourceDate "2016.10.25"]
[SourceVersion "1"]
[SourceVersionDate "2016.10.25"]
[SourceQuality "1"]

1. e4 e5 2. Nf3 Nf6 3. d3 Nc6 4. Bg5 Bc5 5. h3 0-0 6. Be2 d6 7. 0-0 h6 8. Bh4 Be6 9. c3 g5 10. Bg3 Bb6 11. Nh2 Kg7 12. Ng4 Nh5 13. Bh2 Nf4 14. Ne3 Qd7 15. Bxf4 gxf4 16. Nc4 Kh7 17. Nxb6 axb6 18. Bg4 Rg8 19. Bxe6 Qxe6 20. Kh2 Rxa2 21. Rxa2 Qxa2 22. Qc1 Qe6 23. g4 fxg3+ 24. fxg3 Ne7 25. Qe3 Qg6 26. Qf3 Rf8 27. Qf6 Qxf6 28. Rxf6 Kg7 29. Rf3 Ra8 30. Na3 Ra5 31. c4 Nc6 32. Nb5 Ra2 33. Rf2 Nd4 1/2-1/2